| 000 | 00474nam a2200181Ia 4500 | ||
|---|---|---|---|
| 005 | 20250508151419.0 | ||
| 008 | 008 250505s9999 xx 000 0 eng d | ||
| 037 | _aTextual | ||
| 040 |
_aFEDL _beng _cFEDL |
||
| 041 |
_aeng _2eng |
||
| 084 |
_a392, SIR _qFEDL |
||
| 100 |
_aSirjamaki John _9134592 |
||
| 245 | 0 | _aAmerican family in the twentieth century | |
| 260 | _c1953 | ||
| 300 | _aviii,227p. | ||
| 942 |
_cTEXL _h392, SIR |
||
| 999 |
_c1329630 _d1329630 |
||